000 00327nam a22001337a 4500
008 181022b xxu||||| |||| 00| 0 eng d
020 _a9781435483538
041 _aeng
080 _a004
100 _a28
101 _aSHKI
245 _aComputer Forensics Investigating Wireless Networks and Devices
_cCHFI
942 _2udc
_cBK
999 _c50519
_d50519